00739nam a2200241 a 4500001001300000003000900013005001700022008004100039020001000080082001600090100002700106245005200133260005400185300000800239500003500247505001000282650003100292700002700323902000800350942000700358952011700365999001500482nice12345678IN_TiNIC20260116012430.0050524s1992 hyda grp 000 0 urd  ac10000a297.4bIQB2 aIqbal, Mir Bahadur Ali aMuntakhabul Asar Al Maroof Ba Nuqoosh-E-Jeelani aHyderabad bMarkazi Anjuman Taleemus Salat c1992 a64p aincludes index and biblioraphy2 aIndex aSufism-Hagiography-Jeelani1 aIqbal, Mir Bahadur Ali bSRS cBK 001040708StackRoom-aHMIbHMId2007-09-10g100.00l0o297.4 IQB2p014314r2007-09-10v100.00w2005-05-24yBK c7000d7000